Loading...
Literature - European Literature | 0 | 2 | 0 | 1 | 20 | 83 | 97.50 | 0 | 1 |
Fine Arts - Visual Fine Arts | 0 | 2 | 0 | 0 | 20 | 109 | 123.50 | 0 | 0 |
Fine Arts - Other Fine Arts | 0 | 1 | 0 | 1 | 10 | 129 | 129.00 | 0 | 0 |
History - Other History | 0 | 1 | 0 | 0 | 10 | 73 | 73.00 | 0 | 0 |
Literature - American Literature | 0 | 1 | 0 | 1 | 10 | 134 | 134.00 | 0 | 0 |
Pop Culture | 0 | 1 | 0 | 0 | 10 | 75 | 75.00 | 0 | 1 |
Science - Biology | 0 | 1 | 0 | 0 | 10 | 107 | 107.00 | 0 | 0 |
Religion | 0 | 1 | 0 | 0 | 10 | 126 | 126.00 | 0 | 0 |
Geography/Current Events | 0 | 1 | 0 | 0 | 10 | 129 | 129.00 | 0 | 1 |
Social Science | 0 | 0 | 0 | 0 | 0 | 0.00 | 0 | 0 | |
Literature - World/Other Literature | 0 | 0 | 0 | 0 | 0 | 0.00 | 0 | 0 | |
Science - Other Science | 0 | 0 | 0 | 0 | 0 | 0.00 | 0 | 0 |